|
000
|
00652nam0 2200193 450
|
|
001
|
0661706547
|
|
005
|
20060308170942.75
|
|
010
|
|
@dCNY1.20
|
|
100
|
|
@a20060308d1962 km y0chiy0120 ea
|
|
101
|
0
|
@achi
|
|
102
|
|
@aCN@b110000
|
|
200
|
1
|
@a材料力学@Acai liao li xue@h上册@f武汉水利电力学院建筑力学教研组编@Fwu han shui li dian li xue yuan jian zhu li xue jiao yan zu bian
|
|
210
|
|
@a北京@c人民教育出版社@d1962.02
|
|
215
|
|
@a305页@d19cm
|
|
606
|
0
|
@a建筑学
|
|
690
|
|
@aTU@v4
|
|
701
|
0
|
@a武汉水利电力学院建筑力学教研组@Awu han shui li dian li xue yuan jian zhu li xue jiao yan zu@4编
|
|
801
|
0
|
@aCN@bNISOFT@c20060308
|
|
905
|
|
@a10447@dTU@e238:1
|
|
|
|
|
| |
| 材料力学.上册/武汉水利电力学院建筑力学教研组编.-北京:人民教育出版社,1962.02 |
| 305页;19cm |
| |
| |
| ISBN :CNY1.20 |
| |
| ● |
正题名:材料力学
索取号:TU/238:1
 
预约/预借
| 序号
|
登录号
|
条形码
|
馆藏地/架位号
|
状态
|
备注
|
|
1
|
109170
|
201091709
|
海科密-1楼/55架14列6层/
[索取号:TU/238:1]
|
在馆
|
|